| 000 | 00452nam a22001697a 4500 | ||
|---|---|---|---|
| 003 | BD-DhUL | ||
| 005 | 20190801095649.0 | ||
| 008 | 190801snd. ii ||||| |||| 00| 0 urd d | ||
| 040 |
_aBD-DhUL _cBD-DhUL |
||
| 082 |
_a920 _bSUN |
||
| 100 | 3 | _aسلطان جہاب بیگم | |
| 245 | 0 | 0 |
_aنذر / _cسلطان جہاب بیگم |
| 260 |
_aبھوپال : _b، _c۔ |
||
| 300 |
_aص۔ ۲۰۲ ؛ _c۲۴ سم۔ |
||
| 650 | 4 | _aBiography | |
| 942 |
_2ddc _cBK |
||
| 999 |
_c249169 _d249169 |
||